000
00298nam a2200109Ia 4500
008
260210s9999 xx 000 0 und d
020
_a
9781864704686
100
_a
DDG
245
4
_a
The Master Architect Series Revisited 2.0: Selected + Current Works (Price Price)
260
_b
Images
942
_c
PG
999
_c
14027
_d
14027